LEADER 03004nam 2200625 a 450 001 9910465520103321 005 20200520144314.0 010 $a1-921513-80-2 035 $a(CKB)2560000000082817 035 $a(EBL)928386 035 $a(OCoLC)794664061 035 $a(SSID)ssj0000677786 035 $a(PQKBManifestationID)12273167 035 $a(PQKBTitleCode)TC0000677786 035 $a(PQKBWorkID)10694273 035 $a(PQKB)11610627 035 $a(MiAaPQ)EBC928386 035 $a(Au-PeEL)EBL928386 035 $a(CaPaEBR)ebr10568853 035 $a(EXLCZ)992560000000082817 100 $a20120618d2011 uy 0 101 0 $aeng 135 $aur|n|---||||| 181 $ctxt 182 $cc 183 $acr 200 10$aHappy ever after?$b[electronic resource] $ea practical guide to relationship counselling for clinical psychologists /$fBruce Stevens and Malise Arnstein 205 $a1st ed. 210 $aBowen Hills, Qld. $cAustralian Academic Press$d2011 215 $a1 online resource (191 p.) 300 $aDescription based upon print version of record. 311 $a1-921513-79-9 320 $aIncludes bibliographical references. 327 $aContents; Acknowledgments; Introduction: Clinical psychology and relationship counselling; Historical perspective, including systems theory; The first interview and initial assessment; The assessment of the relationship, including conflict; Emotional processes underlying relationship conflict; The sexual affair; Sex therapy: The scope and the challenges; When personality disorder adds to relationship problems; Additional considerations: Different happy couples; Self-psychology and couples therapy: The building blocks for a focus on couple inter-affectivity; Appendix - Family-of-Origin scale 327 $aEndnotesReferences 330 $aMuch relationship counselling today is conducted by generalist psychologists, social workers, and counsellors. Yet there is a strong case for a greater role for clinical psychologists. Accurate assessment during couples therapy is essential, the dynamics between people are complex, and the process is potentially very demanding of clinical skills. This book provides an opportunity to make the argument for greater involvement in relationship counselling by the clinical psychology profession and to guide both clinical students and practitioners toward an informed and integrated approach to relati 606 $aCouples therapy 606 $aPsychotherapy 606 $aClinical sociology 608 $aElectronic books. 615 0$aCouples therapy. 615 0$aPsychotherapy. 615 0$aClinical sociology. 676 $a299 676 $a616.8915 676 $a616.891562 700 $aStevens$b Bruce$0970502 701 $aArnstein$b Malise$0970503 801 0$bMiAaPQ 801 1$bMiAaPQ 801 2$bMiAaPQ 906 $aBOOK 912 $a9910465520103321 996 $aHappy ever after$92205900 997 $aUNINA LEADER 03631oam 22006731c 450 001 9910784258803321 005 20200115203623.0 010 $a1-4725-5997-5 010 $a1-280-82925-7 010 $a9786610829255 010 $a1-84731-281-0 024 7 $a10.5040/9781472559975 035 $a(CKB)1000000000338549 035 $a(EBL)295194 035 $a(OCoLC)437181736 035 $a(SSID)ssj0000115175 035 $a(PQKBManifestationID)11117184 035 $a(PQKBTitleCode)TC0000115175 035 $a(PQKBWorkID)10029471 035 $a(PQKB)11340381 035 $a(MiAaPQ)EBC1772392 035 $a(MiAaPQ)EBC295194 035 $a(Au-PeEL)EBL1772392 035 $a(CaPaEBR)ebr10275977 035 $a(CaONFJC)MIL82925 035 $a(OCoLC)893332028 035 $a(OCoLC)654730162 035 $a(UtOrBLW)bpp09255779 035 $a(Au-PeEL)EBL295194 035 $a(EXLCZ)991000000000338549 100 $a20140929d2006 uu 0 101 0 $aeng 135 $aur|n|---||||| 181 $ctxt 182 $cc 183 $acr 200 10$aBroadcasting pluralism and diversity $ea comparative study of policy and regulation $fLesley Hitchens 205 $a1st ed. 210 1$aOxford $aPortland, Oregon $cHart Publishing $d2006. 215 $a1 online resource (370 p.) 300 $aDescription based upon print version of record. 311 $a1-84113-214-4 320 $aIncludes bibliographical references (pages [321]-324) and index 327 $aPART I: INTRODUCTORY MATTERS -- 1: Introduction -- 2: Policy Rationales and Implications for Regulation -- PART II: REGULATORY APPROACHES -- 3: Structural Regulation -- 4: Content Regulation -- 5: Competition Regulation -- PART III: REGULATORY FUTURES -- 6: Broadcasting and Economic Issues -- 7: Reforming Broadcasting Pluralism Regulation 330 8 $aBroadcasting Pluralism and Diversity is a study of the policy and regulatory measures relating to the promotion of media diversity in three jurisdictions: the United Kingdom, the United States, and Australia. A central focus of the book is regulation of media ownership and control, and, taking an historical approach, the book argues that early policy and regulatory decisions continue to have a significant influence on current reforms. Whilst policy and reform debates focus on ownership and control measures, the book also argues that such measures can not be considered in isolation from other regulatory instruments, and that a holistic regulatory approach is required. As such, content regulation and competition regulation are also considered. Underlying the study is the contention that much of the policy informing pluralism and diversity regulation, although making reference to the importance of the media's role in the democratic process, has also been skewed by a futile focus on the different regulatory treatment of the press and broadcasting, which is adversely influencing current policy debates. The book argues that a different approach, using the public sphere concept, needs to be adopted and used as a measure against which regulatory reform in the changing media environment can be assessed 606 $aBroadcasting policy 606 $2Entertainment & media law 606 $aCultural pluralism 615 0$aBroadcasting policy. 615 0$aCultural pluralism. 676 $a384.54/4308 700 $aHitchens$b Lesley$0268420 801 0$bUtOrBLW 801 1$bUtOrBLW 801 2$bUkLoBP 906 $aBOOK 912 $a9910784258803321 996 $aBroadcasting pluralism and diversity$93721340 997 $aUNINA